Statistics for Pyramid Puzzle

Click here to take the quiz!

General Stats

  • This quiz has been taken 4,186 times
  • The average score is 6 of 11

Answer Stats

HintPyramid% Correct
Idaho (abbrev.)ID
99%
End one's lifeDIE
92%
Competing teamSIDE
83%
SuggestionsIDEAS
74%
Lifted upRAISED
69%
Angry speechesTIRADES
49%
Removed curls from hairSTRAIGHTENED
37%
More stableSTEADIER
31%
Terrible eventsTRAGEDIES
28%
MyopicNEARSIGHTED
22%
Criticizes unfairlyDENIGRATES
9%

Score Distribution

Percentile by Number Answered

Percent of People with Each Score

Your Score History

You have not taken this quiz